000 00653nam a2200241Ia 4500
003 OSt
005 20221005050642.0
006 a|||||r|||| 00| 0
007 ta
008 221004b |||||||| |||| 00| 0 urd d
024 _a13759
037 _cTextual
040 _aCRL
_cCRL
_burd
041 _2urd
_aurd
082 _aQ7:25(R4), 168H0
100 _aDehalvi Abdurrehman Au.
_9188337
245 0 _aIkhlaq-e-Muslim
260 _aLahore
_bMatbua islamia steam press Pakistan
_c1940
650 _a HADITH
650 _aETHICS
942 _hQ7:25(R4), 168H0
_cTEXL
_2cc
999 _c957428
_d957428